000 01419nam a2200301 i 4500
003 EG-GICUC
005 20260312124720.0
008 260312s1960 ua ||||fr|||| 00| 0 ara d
040 _a EG-GICUC
_bara
_c EG-GICUC
_d EG-GICUC
_erda
041 _aara
082 0 4 _221
_a343.3311
_bم ح . ن
092 0 4 _221
099 _aLaw1 10 343.3311 م ح . ن 1960
100 0 _aمحمد عطية راغب
_eمؤلف.
245 1 0 _aنظام النيابة العامة فى التشريع العربى :
_b وفقا لقانون السلطة القضائية الجديد /
_cتأليف محمد عطية راغب.
264 1 _aالقاهرة :
_bمكتبة الانجلو المصرية،
_c1960.
300 _a639 صفحة ;
_c24 سم.
336 _2rda content
_atext
337 _2rda media
_aComputer
338 _2rda carrier
_aOnline Resource
505 _aالتطور التاريخى للنيابة العامة نظام رد أعضاء النيابة نظام مخاصمة أعضاء النيابة النيابة الإدارية ادارة التفتيش بالنيابة العامة نظام كتبة النيابات.
546 _aالنص باللغة العربية
650 1 _aالقانون الجنائي
650 1 _aالنيابة العامة = الإدعاء العام
856 4 0 _uhttps://fll.law.cu.edu.eg/fulltext/bks/B10-07982.pdf
905 _a43
942 _2ddc
_n0
_cBK
_e21
999 _c66264
_d66264